| 000 | 02300nam a22003497a 4500 | ||
|---|---|---|---|
| 001 | 101018 | ||
| 003 | KnowledgeUnlatched | ||
| 005 | 20210303105200.0 | ||
| 006 | m o d | ||
| 007 | cr u|||||||||| | ||
| 008 | 210129p20122019xxk o u00| u eng d | ||
| 037 | _5BiblioBoard | ||
| 245 | 0 | 0 |
_aFoucault's Archaeology _bScience and Transformation / _cDavid Webb. |
| 020 | _a9780748630387 | ||
| 029 | 1 | _ahttps://library.biblioboard.com/ext/api/media/90fc58ca-0fb0-4d91-9554-ffc92ca27681/assets/thumbnail.jpg | |
| 040 |
_aScCtBLL _cScCtBLL |
||
| 100 | 1 |
_aWebb, David _eauthor. |
|
| 264 | 1 | _bEdinburgh University Press, | |
| 300 | _a1 online resource (191 p.) | ||
| 506 | 0 |
_aAccess copy available to the general public. _fUnrestricted _2star |
|
| 520 | _aThis book provides a new perspective on Foucault's The Archaeology of Knowledge by revealing the extent to which its approach to language was influenced by the mathematical sciences. Setting out this background to Foucault's analysis makes The Archaeology of Knowledge both accessible in a new way, and relevant to issues that are at the heart of much contemporary debate over the nature of critical thought and the relation between philosophy and the sciences. This book sheds new light on a crucial period of Foucault's work by highlighting his relation to thinkers such as Cavaillès and Serres. It aims to provide a reading of The Archaeology of Knowledge that puts it at the heart Foucault's thought. Rather than attempting a scientific study of language as such, Foucault is shown to have adopted a mode of thought indebted to thinkers in the scientific and epistemological tradition. | ||
| 588 | 0 | _aDescription based on print version record. | |
| 590 | _aKU Select 2017: Backlist Collection | ||
| 650 | 7 |
_aPhilosophy / Movements / Deconstruction _2bisacsh |
|
| 650 | 0 | _aPhilosophy | |
| 655 | 0 | _aElectronic books. | |
| 758 |
_iIs found in: _aKnowledge Unlatched _1https://openresearchlibrary.org/module/2774bc74-146a-484f-a7ba-ab1d6a09bbfb |
||
| 856 | 4 | 0 |
_uhttps://openresearchlibrary.org/content/90fc58ca-0fb0-4d91-9554-ffc92ca27681 _zView this content on Open Research Library. _70 |
| 999 |
_c25452 _d25452 |
||